| 000 | 01093cab a2200217 4500 | ||
|---|---|---|---|
| 001 | ABS39202 | ||
| 008 | 090401t1988 xxu||||| |||| 00| 0 eng d | ||
| 035 | _a(Sirsi) u15020 | ||
| 041 | _aeng | ||
| 100 | _aRodgers, C.P. | ||
| 245 | _aResidential flats - a new deal? the Landlord and Tenant Act 1987 | ||
| 260 | _c1988 | ||
| 350 | _a0 | ||
| 490 |
_aConveyancer & Property Lawyer _vMarch/April 1988, 122-137(16) |
||
| 520 | _aAn analysis of the effectiveness of the Landlord and Tenant Act 1987 with regard to the management of private blocks of flats . Begins by identifying the problems concerned with management, making reference to the proposals put forward in the Nugee Report , before examining the provisions of the Act in more detail, including pre-emption rights, new rights for tenants, service charge and insurance provisions and the compulsory acquisition of the landlord`s interest. | ||
| 650 | _aFREEHOLD | ||
| 650 | _aSERVICE CHARGES | ||
| 690 | _aPROPERTY-RESIDENTIAL PROPERTY-RESIDENTIAL LANDLORD AND TENANT-RESIDENTIAL TENANCIES | ||
| 942 | _n0 | ||
| 948 | _c04/03/1997 | ||
| 999 |
_c9806 _d9806 |
||